Gemeinden in der Region Brüssel-Hauptstadt - Statistiken

Allgemein
  • Dieses Quiz wurde 18 mal gespielt
  • Das Durchschnittsergebnis liegt bei 9 aus 19
Antworten auf der Karte
Die Antworten werden auf der Karte rot bzw. grün angezeigt, abhängig davon wie oft sie richtig erraten wurden.
 
Antwortstatistiken
Antwort % Korrekt
Ixelles/Elsene
81%
Stadt Brüssel
81%
Anderlecht
75%
Schaerbeek/Schaarbeek
69%
Etterbeek
56%
Saint-Gilles/Sint-Gillis
56%
Uccle/Ukkel
56%
Forest/Vorst
50%
Jette
50%
Woluwe-Saint-Pierre/Sint-Pieters-Woluwe
50%
Molenbeek-Saint-Jean/Sint-Jans-Molenbeek
44%
Woluwe-Saint-Lambert/Sint-Lambrechts-Woluwe
44%
Auderghem/Oudergem
38%
Evere
31%
Koekelberg
31%
Ganshoren
25%
Saint-Josse-ten-Noode/Sint-Joost-ten-Node
25%
Berchem-Sainte-Agathe/Sint-Agatha-Berchem
19%
Watermael-Boitsfort/Watermaal-Bosvoorde
19%
Keine übereinstimmenden Quizze gefunden
Verteilung der Resultate
Anzahl Personen mit jedem Resultat
Perzentil nach korrekt beantworteten Fragen
Ihre Resultats-Entwicklung
Sie haben dieses Quiz noch nicht gespielt